Extremely Difficult Harry Potter Quiz - Statistics

General Stats
  • This quiz has been taken 86 times
  • The average score is 6 of 15
Answer Stats
Hint Answer % Correct
How many Muggles see the flying Ford Anglia as Harry and Ron make their way to school? 7
96%
In the third book, during the Quidditch game between Gryffindor and Hufflepuff, who is the Hufflepuff seeker? Cedric Diggory
61%
How many Sickles are in a Galleon? 17
48%
Who was in love with Helena Ravenclaw? The Bloody Baron
48%
What sport does Dudley take up in the fifth book? Boxing
45%
How many Knuts are in a Sickle? 29
40%
What is Gilderoy Lockhart's favorite color? Lilac
37%
What is Parvati Patil’s Boggart? Mummy
36%
What is Nearly Headless Nick's legal name? Sir Nicholas de Mimsy Porpington
34%
What are the employees at the Department of Mysteries called? Unspeakables
34%
What is the name of Dudley's friend who accompanies Harry and Dudley to the zoo? Piers Polkiss
31%
Who did Voldemort steal Helga Hufflepuff's cup from? Hepzibah Smith
27%
What professional Quidditch team does Ginny Weasley join? Holyhead Harpies
22%
What does Mr. Weasley call Mrs. Weasley when they’re alone together? Mollywobbles
21%
How much gold do the Weasleys win in the Daily Prophet Grand Prize Galleon Draw? 700 Galleons
15%
No matching quizzes found
Score Distribution
Percent of People with Each Score
Percentile by Number Answered
Your Score History
You have not taken this quiz